| 000 | 00982aam a2200313 4500 | ||
|---|---|---|---|
| 001 | 20093 | ||
| 003 | CO-MdFUSB | ||
| 005 | 20180622170551.0 | ||
| 008 | 170522t1999 enkboa|g |||| 00| 0 eng d | ||
| 020 | _a0-415-21164-6 | ||
| 040 |
_aCO-MdFUSB _bspa _cCO-MdFUSB _dCO-MdFUSB _erda |
||
| 041 | _aeng | ||
| 082 |
_224 _aG 296 _bC678j |
||
| 100 | 1 |
_aCohn-Sherbok, Dan _eautor |
|
| 245 | 0 | 0 |
_aJudaism _c/ Dan Cohn-Sherbok |
| 264 | 1 |
_aLondon : _bRoutledge, _c℗1999 |
|
| 264 | 4 | _c©1999 | |
| 300 |
_a128 páginas _b: _c; |
||
| 336 |
_2rdacontent _a1 _ba1 |
||
| 337 |
_2rdamedia _a2 _b5 |
||
| 338 |
_2rdacarrier _a2 _b5 |
||
| 490 | _aReligions of the World | ||
| 500 | _aIncluye índice (p. 126-128) | ||
| 505 | 0 | 0 | _aIntroducción al judaísmo - La historia del pueblo judío - La vida judía en los tiempos modernos - Creencias y prácticas judías - El judaísmo en el siglo XXI |
| 563 | _aRústico | ||
| 650 | 7 |
_9386 _aReligiones |
|
| 942 | _cBK | ||
| 999 |
_c46446 _d46446 |
||